It looks like you're offline.
Open Library logo
additional options menu

MARC Record from Scriblio

Record ID marc_records_scriblio_net/part12.dat:52072424:540
Source Scriblio
Download Link /show-records/marc_records_scriblio_net/part12.dat:52072424:540?format=raw

LEADER: 00540cam 22002051 4500
001 79975999
003 DLC
005 20050730162624.0
008 780907s1970 yu 000 0 scr
010 $a 79975999
035 $a(OCoLC)4205536
040 $aDLC$cNcU$dDLC
042 $apremarc
050 00 $aPG1618.I8$bV7
100 1 $aIvanišević, Drago.
245 10 $aVrelo vrelo bez prestanka.
260 $aZagreb,$bMatica hrvatska,$c1970.
300 $a127 p.$c20 cm.
490 0 $aMatica hrvatska. Opća knjižnica 12/20, sv. 9
500 $aPoems.